Country by letter #3: All countries starting with the letter C - Statistics

General Stats
  • This quiz has been taken 60 times
    44 since last reset
  • The average score is 12 of 16
Answer Stats
Hint Answer % Correct
Africa Chad
94%
North America Canada
91%
Africa Cameroon
88%
South America Colombia
88%
Asia Cambodia
85%
South America Chile
85%
Europe Czech Republic
82%
Asia China
79%
North America Cuba
79%
Europe Croatia
76%
North America Costa Rica
71%
Africa Cape Verde
68%
Africa Central African Republic
68%
Africa Comoros
65%
Asia Cyprus
62%
Africa Cote d'Ivoire
32%
No matching quizzes found
Score Distribution
Percent of People with Each Score
Percentile by Number Answered
Your Score History
You have not taken this quiz since the last reset